Welcome to the Holygrace Academy Library

Please use search bar below to get started

THE WAY TO HAPPINESS: A COMMON SENSE GUIDE TO BETTER LIVING (Record no. 8909)

MARC details
000 -LEADER
fixed length control field 00489nam a22001457a 4500
020 ## - INTERNATIONAL STANDARD BOOK NUMBER
ISBN 1-59968-000-9
082 ## - DEWEY DECIMAL CLASSIFICATION NUMBER
Classification number 150
Item number HUB/W
100 ## - MAIN ENTRY--AUTHOR NAME
Personal name HUBBARD, RON
245 ## - TITLE STATEMENT
Title THE WAY TO HAPPINESS: A COMMON SENSE GUIDE TO BETTER LIVING
246 ## - VARYING FORM OF TITLE
Title proper/short title THE WAY TO HAPPINESS: A COMMON SENSE GUIDE TO BETTER LIVING
Remainder of title THE WAY TO HAPPINESS: A COMMON SENSE GUIDE TO BETTER LIVING
260 ## - PUBLICATION, DISTRIBUTION, ETC. (IMPRINT)
Place of publication INDIA
Name of publisher THE WAY TO HAPPINESS FOUNDATION
Year of publication 2024
300 ## - PHYSICAL DESCRIPTION
Number of Pages 208
650 ## - SUBJECT ADDED ENTRY--TOPICAL TERM
Topical Term ENGLISH MOTIVATIONAL
942 ## - ADDED ENTRY ELEMENTS (KOHA)
Koha item type Books
Holdings
Withdrawn status Lost status Collection code Home library Current library Shelving location Date acquired Source of acquisition Full call number Accession Number Koha item type
    Non-fiction Main Library Main Library NEW SHELF WITH NEW ENTRY 06/07/2024 PURCHASED 150 HUB/W 13691 Books